000 00368nam a22001337a 4500
005 20250602142627.0
008 250602b |||||||| |||| 00| 0 eng d
041 _aEnglish
100 _aTiwari Sheela
_9208176
245 _aTextbook of Biochemistry & Biophysics for Post Basic BSc Nursing Students
260 _bCBS Publishers
365 _bRs. 595.00
942 _cDB
999 _c366896
_d366896